Stolice Krajów Europy z 1990roku - Statystyki

Ogólne statystyki
  • Ten quiz został rozwiązany 143 razy
    142 od ostatniego zresetowania
  • Średni wynik to 31 z 33
Statystyki odpowiedzi
Państwo Stolica % Poprawnych
Polska Warszawa
99%
Austria Wiedeń
99%
Grecja Ateny
98%
Niemiecka Republika Demokratyczna Berlin
98%
Irlandia Dublin
98%
Czechosłowacja Praga
98%
Holandia Amsterdam
97%
Hiszpania Madryt
97%
Francja Paryż
97%
Andora Andora
96%
Belgia Bruksela
96%
Finlandia Helsinki
96%
Dania Kopenhaga
96%
Portugalia Lizbona
96%
Wielka Brytania Londyn
96%
Luksemburg Luksemburg
96%
Monako Monako
96%
ZSRR/Związek Radziecki Moskwa
96%
Bułgaria Sofia
96%
Norwegia Oslo
95%
Watykan Watykan
95%
Włochy Rzym
94%
San Marino San Marino
94%
Węgry Budapeszt
93%
Rumunia Bukareszt
93%
Szwecja Sztokholm
93%
Jugosławia Belgrad
92%
Albania Tirana
92%
Malta Valletta
91%
Szwajcaria Berno
90%
Liechtenstein Vaduz
90%
Islandia Reykjavik
89%
Niemcy Zachodnie Bonn
56%
Nie znaleziono quizów pasujących do podanych kryteriów
Rozkład punktacji
Procent ludzi z każdym wynikiem
Percentyl według liczby udzielonych odpowiedzi
Twoja historia wyników
Nie rozwiązałeś tego quizu od ostatniego zresetowania